Most Populous Cities in the U.S. - 1920 Census - Statistics

General Stats
  • This quiz has been taken 37 times
  • The average score is 78 of 100
Answer Stats
Answer State Population % Correct
Chicago IL 2,701,705
100%
New York City NY 5,620,048
100%
Boston MA 748,060
95%
Cleveland OH 796,841
95%
Dallas TX 158,976
95%
Denver CO 256,491
95%
Detroit MI 993,078
95%
Kansas City MO 324,410
95%
Kansas City KS 101,177
95%
Los Angeles CA 576,673
95%
Milwaukee WI 457,147
95%
Philadelphia PA 1,823,779
95%
Portland OR 258,288
95%
San Antonio TX 161,379
95%
Seattle WA 315,312
95%
Washington DC 437,571
95%
Albany NY 113,344
91%
Atlanta GA 200,616
91%
Baltimore MD 733,826
91%
Buffalo NY 506,775
91%
Cincinnati OH 401,247
91%
Columbus OH 237,031
91%
Houston TX 138,276
91%
Indianapolis IN 314,194
91%
Jersey City NJ 298,103
91%
Louisville KY 234,891
91%
Memphis TN 162,351
91%
Minneapolis MN 380,582
91%
Nashville TN 118,342
91%
Newark NJ 414,524
91%
New Orleans LA 387,219
91%
Oklahoma City OK 91,295
91%
Pittsburgh PA 588,343
91%
Rochester NY 295,750
91%
Salt Lake City UT 118,110
91%
San Francisco CA 506,676
91%
St. Louis MO 772,897
91%
St. Paul MN 234,698
91%
Toledo OH 243,164
91%
Akron OH 208,435
86%
Bridgeport CT 143,555
86%
Des Moines IA 126,468
86%
Hartford CT 138,036
86%
New Haven CT 162,537
86%
Omaha NE 191,601
86%
Providence RI 237,595
86%
Syracuse NY 171,717
86%
Birmingham AL 178,806
82%
Oakland CA 216,261
82%
Richmond VA 171,667
82%
Springfield MA 129,614
82%
Tacoma WA 96,965
82%
Trenton NJ 119,289
82%
Cambridge MA 109,694
77%
Dayton OH 152,559
77%
Fort Worth TX 106,482
77%
San Diego CA 74,683
77%
Spokane WA 104,437
77%
Worcester MA 179,754
77%
Youngstown OH 132,358
77%
Allentown PA 73,502
73%
Duluth MN 98,917
73%
Erie PA 93,372
73%
Fort Wayne IN 86,549
73%
Grand Rapids MI 137,634
73%
Norfolk VA 115,777
73%
Paterson NJ 135,875
73%
Scranton PA 137,783
73%
Wilmington DE 110,168
73%
Elizabeth NJ 95,783
68%
Evansville IN 85,264
68%
Fall River MA 120,485
68%
Jacksonville FL 91,558
68%
Knoxville TN 77,818
68%
Lowell MA 112,759
68%
Savannah GA 83,252
68%
Tulsa OK 72,075
68%
Utica NY 94,156
68%
Yonkers NY 100,176
68%
Canton OH 87,091
64%
Manchester NH 78,384
64%
South Bend IN 70,983
64%
Wichita KS 72,217
64%
Camden NJ 116,309
59%
El Paso TX 77,560
59%
Flint MI 91,599
59%
Harrisburg PA 75,917
59%
Lynn MA 99,148
59%
Reading PA 107,784
59%
New Bedford MA 121,217
55%
St. Joseph MO 77,939
55%
Waterbury CT 91,715
50%
Schenectady NY 88,723
45%
Somerville MA 93,091
45%
Troy NY 71,996
45%
Wilkes-Barre PA 73,833
45%
Peoria IL 76,121
41%
Lawrence MA 94,270
36%
Sioux City IA 71,227
32%
Bayonne NJ 76,754
27%
No matching quizzes found
Score Distribution
Percent of People with Each Score
Percentile by Number Answered
Your Score History
You have not taken this quiz